00714nam a2200253 a 4500001001300000003000900013005001700022008004100039020000900080082001600089100002300105245003400128260004100162300000900203500003500212505001200247650002100259650001900280700002300299902000800322942000700330952010800337999001500445nice12345678IN_TiNIC20260116012328.0050524s1953 lona grp 000 0 eng  ac2800a225.92bSCH aSchweitzer, Albert aMysticism of Paul the Apostle aLondonbAdam and Charles Blackc1953 a411p aincludes index and biblioraphy2 aIndices aTheology-Pauline aMysticism-Paul1 aSchweitzer, Albert bSRS cBK 00104070aHMIbHMId2011-01-17g28.00l1o225.92 SCHp014781r2022-11-16s2022-11-07w2026-01-16yEB c6582d6582